000 00833nam a2200241Ia 4500
003 OSt
005 20220927110500.0
006 a|||||r|||| 00| 0
007 ta
008 220926b |||||||| |||| 00| 0 eng d
024 _a105865
037 _cReports
040 _aRTL
_cRTL
_beng
041 _2eng
_aeng
082 _a"X9(J:24):3..2.N59t, K0/GD"
110 _aIndia Food and Agriculture (Ministry of-)Agriculture (Department of-) Fertiliser Distribution. (Enquiry Committee) (1959)
_9378728
245 0 _aReport
260 _c1960
650 _aSoil Industry
700 _aIndia Food and Agriculture (Ministry of-)Agriculture (Department of-) Fertiliser Distribution. (Enquiry Committee) (1959)
_9378729
942 _h"X9(J:24):3..2.N59t, K0/GD"
_cCC
999 _c696970
_d696970